zpět

Detail výsledku týmu

Infinity c&c bar, Zlín

Datum a čas kvízu

16 Celkem bodů Celkový počet nahraných bodů na tomto kvízu bez doplňovacích otázek.
8. Pořadí na kvízu Konečné umístění týmu na tomto kvízu.

Zaznamenané odpovědi

# Otázka Odpověď Body Výsledky
1. Dita Protopopová, jejíž jméno... 1
2. Ponorka, která byla nalezena p... 1
3. Tři ženy v galerii mezinárodní... 0
4. Řada čínských e-shopů stáhla z... 1
5. Slovenský záložník se během zá... 1
6. Nedávno jsme zde probírali tém... 0
5. Kterým českým výrazem je pojme... 0
5. Tato šedě růžová laločnatá žlá... 0
5. Ze školních lavic víme, že ját... 0
5. Která z těchto částí trávicí s... 0